000 01636nam1a22004219i 4500
001 RU\NLR\b_ik\13636
005 20240723124824.0
035 _a(NLR Aleph) 002088506
090 _a4926134
_c4926134
100 _a19950127d1994 |||y1rusy50 ba
101 0 _arus
102 _aRU
105 _a|||||||||||||
200 1 _aBriefe und Briefwechsel
_fTheodor W. Adorno
_gHrsg. vom Theodor W. Adorno Arch
210 _aFrankfurt a. M.
_cSuhrkamp
_d1994
215 _d20
463 0 _12001#$a└Bd. 1 : ┐Briefwechsel$fTheodor W. Adorno, Walter Benjamin; Hrsg. von Henri Lonitz
_1210##$d1994
_1215##$a501c
_1010$a3-518-58174-0
_t└Bd. 1 : ┐Briefwechsel
541 0 _aТеодор В. Адорно Вальтер Беньямин Переписка 1928-1940.
606 0 _aАдорно, Теодор, 1903-1969
_jПереписка
_2nlr-sh1
606 0 _aБеньямин, Вальтер, 1892-1940
_jПереписка
_2nlr-sh1
686 0 _aШ4г(4Г)дАдорно
_2rubbk
686 0 _aШ4г(4Г)дБеньямин
_2rubbk
686 0 _aЩ31г(4Г)дАдорно
_2rubbk
686 0 _aЮ3(4Ф)6-63/68
_2rubbk
700 1 _aAdorno
_bTheodor Wiesengrund
_f1903-1969
_4070
702 1 _aBenjamin
_bWalter
702 1 _aLonitz
_bHenri
_4340
801 0 _aRU
_bNLR
_c20011010
_gPSBO
801 1 _aRU
_bNLR
_c20011015
852 _aNLR
_jЛ11 Д-3/418
942 _cBOOK